| 000 | 00682nam a2200217 i 4500 | ||
|---|---|---|---|
| 003 | DO-SdBNP | ||
| 005 | 20260223092332.0 | ||
| 007 | ta | ||
| 008 | 100922s1990 000 spa d | ||
| 040 |
_aDO-SdBNP _bspa _cBNPHU _erda |
||
| 041 | _aspa | ||
| 082 | 4 |
_axxx _bxxx _222 |
|
| 245 | 0 | 0 |
_aMovimiento de renovación : _b lineammientos estratégicos para el desarrollo social de la República Dominicana |
| 264 | 4 |
_aSanto Domingo > _bEdiciones de MODERNO, _c©1990. |
|
| 300 |
_a141 páginas _b21 cm. |
||
| 336 |
_atexto _btxt _2rdacontent |
||
| 337 |
_asin mediación _bn _2rdamedia |
||
| 338 |
_avolumen _bnc _2rdacarrier |
||
| 590 | _aInventariado, 2022/BT | ||
| 942 |
_2ddc _cLBS1 |
||
| 999 |
_c21802 _d21802 |
||